<?xml version="1.0" encoding="UTF-8"?>
<record
    xmlns:xsi="http://www.w3.org/2001/XMLSchema-instance"
    xsi:schemaLocation="http://www.loc.gov/MARC21/slim http://www.loc.gov/standards/marcxml/schema/MARC21slim.xsd"
    xmlns="http://www.loc.gov/MARC21/slim">

  <leader>01228nam a22002297a 4500</leader>
  <controlfield tag="003">NALT</controlfield>
  <controlfield tag="005">20231002152527.0</controlfield>
  <controlfield tag="008">      s2554    th                  tha d</controlfield>
  <datafield tag="020" ind1=" " ind2=" ">
    <subfield code="a">9786161123611</subfield>
  </datafield>
  <datafield tag="040" ind1=" " ind2=" ">
    <subfield code="a">NALT</subfield>
  </datafield>
  <datafield tag="041" ind1=" " ind2=" ">
    <subfield code="a">tha</subfield>
  </datafield>
  <datafield tag="090" ind1=" " ind2=" ">
    <subfield code="a">KO 24 </subfield>
    <subfield code="b">&#xE2D;112&#xE04; 2554</subfield>
  </datafield>
  <datafield tag="100" ind1="0" ind2=" ">
    <subfield code="a">&#xE2D;&#xE04;&#xE34;&#xE19; &#xE23;&#xE1E;&#xE35;&#xE1E;&#xE31;&#xE12;&#xE19;&#xE4C;, </subfield>
    <subfield code="c">&#xE21;.&#xE23;.&#xE27;.</subfield>
    <subfield code="9">20148</subfield>
  </datafield>
  <datafield tag="245" ind1="1" ind2="0">
    <subfield code="a">&#xE04;&#xE25;&#xE32;&#xE22;&#xE1B;&#xE21; "&#xE04;&#xE14;&#xE35;&#xE17;&#xE35;&#xE48;&#xE14;&#xE34;&#xE19;&#xE04;&#xE19;&#xE08;&#xE19;" /</subfield>
    <subfield code="c">&#xE2D;&#xE04;&#xE34;&#xE19; &#xE23;&#xE1E;&#xE35;&#xE1E;&#xE31;&#xE12;&#xE19;&#xE4C;, &#xE21;.&#xE23;.&#xE27;, &#xE40;&#xE1E;&#xE34;&#xE48;&#xE21;&#xE28;&#xE31;&#xE01;&#xE14;&#xE34;&#xE4C; &#xE21;&#xE01;&#xE23;&#xE32;&#xE20;&#xE34;&#xE23;&#xE21;&#xE22;&#xE4C;, &#xE01;&#xE34;&#xE15;&#xE15;&#xE34;&#xE28;&#xE31;&#xE01;&#xE14;&#xE34;&#xE4C; &#xE40;&#xE2D;&#xE37;&#xE49;&#xE2D;&#xE01;&#xE24;&#xE14;&#xE32;&#xE18;&#xE34;&#xE01;&#xE32;&#xE23;.</subfield>
  </datafield>
  <datafield tag="260" ind1=" " ind2=" ">
    <subfield code="a">&#xE01;&#xE23;&#xE38;&#xE07;&#xE40;&#xE17;&#xE1E;&#xE2F; : </subfield>
    <subfield code="b">&#xE2A;&#xE33;&#xE19;&#xE31;&#xE01;&#xE07;&#xE32;&#xE19;&#xE1B;&#xE23;&#xE30;&#xE2A;&#xE32;&#xE19;&#xE01;&#xE32;&#xE23;&#xE1E;&#xE31;&#xE12;&#xE19;&#xE32;&#xE2A;&#xE31;&#xE07;&#xE04;&#xE21;&#xE2A;&#xE38;&#xE02;&#xE20;&#xE32;&#xE27;&#xE30; (&#xE2A;&#xE1B;&#xE1E;&#xE2A;.), </subfield>
    <subfield code="c">2554.</subfield>
  </datafield>
  <datafield tag="300" ind1=" " ind2=" ">
    <subfield code="a">330 &#xE2B;&#xE19;&#xE49;&#xE32; :</subfield>
    <subfield code="b">&#xE20;&#xE32;&#xE1E;&#xE1B;&#xE23;&#xE30;&#xE01;&#xE2D;&#xE1A;, &#xE15;&#xE32;&#xE23;&#xE32;&#xE07; ;</subfield>
    <subfield code="c">21 &#xE0B;&#xE21;.</subfield>
  </datafield>
  <datafield tag="650" ind1=" " ind2="4">
    <subfield code="a">&#xE17;&#xE35;&#xE48;&#xE14;&#xE34;&#xE19; </subfield>
    <subfield code="9">28218</subfield>
    <subfield code="x">&#xE04;&#xE14;&#xE35;&#xE41;&#xE25;&#xE30;&#xE01;&#xE32;&#xE23;&#xE2A;&#xE39;&#xE49;&#xE04;&#xE14;&#xE35;</subfield>
    <subfield code="x">&#xE27;&#xE34;&#xE08;&#xE31;&#xE22;</subfield>
  </datafield>
  <datafield tag="700" ind1="0" ind2=" ">
    <subfield code="9">20150</subfield>
    <subfield code="a">&#xE40;&#xE1E;&#xE34;&#xE48;&#xE21;&#xE28;&#xE31;&#xE01;&#xE14;&#xE34;&#xE4C; &#xE21;&#xE01;&#xE23;&#xE32;&#xE20;&#xE34;&#xE23;&#xE21;&#xE22;&#xE4C;</subfield>
  </datafield>
  <datafield tag="700" ind1="0" ind2=" ">
    <subfield code="9">20151</subfield>
    <subfield code="a">&#xE01;&#xE34;&#xE15;&#xE15;&#xE34;&#xE28;&#xE31;&#xE01;&#xE14;&#xE34;&#xE4C; &#xE40;&#xE2D;&#xE37;&#xE49;&#xE2D;&#xE01;&#xE24;&#xE14;&#xE32;&#xE18;&#xE34;&#xE01;&#xE32;&#xE23;</subfield>
  </datafield>
  <datafield tag="850" ind1=" " ind2=" ">
    <subfield code="a">NALT</subfield>
  </datafield>
  <datafield tag="942" ind1=" " ind2=" ">
    <subfield code="c">RSH</subfield>
    <subfield code="2">local</subfield>
  </datafield>
  <datafield tag="999" ind1=" " ind2=" ">
    <subfield code="c">72609</subfield>
    <subfield code="d">72609</subfield>
  </datafield>
  <datafield tag="998" ind1=" " ind2=" ">
    <subfield code="j">104</subfield>
    <subfield code="k"> &#xE19;&#xE32;&#xE07;&#xE2A;&#xE32;&#xE27;&#xE2A;&#xE32;&#xE22;&#xE1D;&#xE19;  &#xE14;&#xE35;&#xE07;&#xE32;&#xE21;</subfield>
  </datafield>
  <datafield tag="952" ind1=" " ind2=" ">
    <subfield code="0">0</subfield>
    <subfield code="1">0</subfield>
    <subfield code="2">local</subfield>
    <subfield code="4">0</subfield>
    <subfield code="7">0</subfield>
    <subfield code="8">CRSH</subfield>
    <subfield code="a">NALT</subfield>
    <subfield code="b">NALT</subfield>
    <subfield code="c">RSH</subfield>
    <subfield code="d">2023-10-02</subfield>
    <subfield code="e">&#xE1A;&#xE23;&#xE34;&#xE08;&#xE32;&#xE04;</subfield>
    <subfield code="o">&#xE27; KO 24 &#xE2D;112&#xE04; 2554</subfield>
    <subfield code="p">3961198942</subfield>
    <subfield code="r">2017-06-09 00:00:00</subfield>
    <subfield code="w">2017-06-09</subfield>
    <subfield code="y">RSH</subfield>
  </datafield>
</record>
